[Event "Shropshire Major"]
[Site "Telford"]
[Date "2024.01.14"]
[Round "4.1"]
[White "Hankey, Chris"]
[Black "Rastall, Joe"]
[Result "0-1"]
[WhiteElo "1800"]
[BlackElo "1868"]
[Annotator "Van Kemenade, Rudy"]
[PlyCount "97"]
[EventDate "2024.01.12"]
[EventType "swiss"]
[EventRounds "5"]
[EventCountry "ENG"]
[SourceTitle "BritBase"]
[Source "John Saunders"]
[SourceDate "2024.04.05"]
[SourceVersion "1"]
[SourceVersionDate "2024.04.05"]
[SourceQuality "1"]

1. d4 Nf6 2. c4 g6 3. Nc3 c5 4. d5 d6 5. e4 Bg7 6. f4 (6. Nf3) (6. Bd3 {
main lines}) 6... O-O 7. Be2 e6 8. Nf3 exd5 9. cxd5 b5 $5 (9... Re8) (9... Bg4)
10. Bxb5 {38% for Wh} (10. e5 {main, 62% for Wh} dxe5 11. fxe5 Ng4 12. Bg5)
10... Nxe4 11. Bd2 (11. Nxe4 Qa5+ 12. Kf2 (12. Nc3 Bxc3+ 13. bxc3 Qxb5) 12...
Qxb5) 11... Nxd2 12. Qxd2 {0.5-3.5} Qe7+ $17 13. Qe2 Qf6 (13... Qxe2+) 14. Qd2
Bd7 15. Bxd7 Nxd7 $17 16. O-O Rab8 17. Rab1 Rb4 $19 18. Ng5 Qd4+ 19. Qxd4 Bxd4+
20. Kh1 Rfb8 21. Nce4 h6 22. Nf3 Rxb2 23. Rbd1 Nf6 24. Nxd6 Nxd5 (24... R8b4)
25. Nxd4 cxd4 26. Rxd4 Ne3 27. Rg1 Rxa2 28. Re4 (28. f5) 28... Ng4 29. h3 Nf2+
30. Kh2 Nxe4 31. Nxe4 Rbb2 32. h4 h5 33. Nc3 Ra3 34. Rc1 Kg7 35. Ne4 Raa2 36.
Rg1 a5 37. Nc3 Ra3 38. Ne4 Re2 39. Nd6 a4 40. Nb5 Rd3 41. Rc1 a3 42. Nc3 Rf2
43. Ne4 Rxf4 44. Ng5 Rxh4+ 45. Kg1 a2 46. Kf2 Ra4 47. Ke2 Rb3 48. Rf1 Rb7 49.
Ke1 0-1

[Event "Shropshire Major"]
[Site "Telford"]
[Date "2024.01.14"]
[Round "4.2"]
[White "Dean, Robert"]
[Black "Graff, Ben"]
[Result "1/2-1/2"]
[WhiteElo "1830"]
[BlackElo "1741"]
[Annotator "Van Kemenade, Rudy"]
[PlyCount "65"]
[EventDate "2024.01.12"]
[EventType "swiss"]
[EventRounds "5"]
[EventCountry "ENG"]
[SourceTitle "BritBase"]
[Source "John Saunders"]
[SourceDate "2024.04.05"]
[SourceVersion "1"]
[SourceVersionDate "2024.04.05"]
[SourceQuality "1"]

1. e4 e6 2. d4 d5 3. Nd2 dxe4 4. Nxe4 Bd7 5. Bd3 Bc6 6. Nf3 Nd7 7. O-O Be7 8.
Re1 Bxe4 (8... Ngf6 {main}) 9. Bxe4 c6 10. c3 {4-6-2} (10. c4 {4 Wh wins, 2
draws}) 10... Ngf6 11. Bd3 (11. Bc2 {leaves option of putting Q on d3}) 11...
h6 $146 (11... O-O) (11... Qc7) 12. Bf4 Qb6 13. Qc2 O-O-O {the K is more
exposed here than} (13... O-O) 14. b4 $18 g5 15. Bg3 Nh5 16. a4 (16. Be5) 16...
Nxg3 17. hxg3 g4 18. Nd2 Qc7 19. b5 c5 20. d5 (20. a5 cxd4 21. Nc4 $18 {SF16})
20... Ne5 21. Be2 (21. b6 axb6 22. a5 bxa5 23. Rxe5 Qxe5 24. Nc4 Qg5 25. dxe6
Rxd3 26. Qxd3 fxe6 27. Nb6+ Kb8 28. Qb5 $16 {Sf16}) 21... Rxd5 $14 22. a5 Qd7
23. Nf1 (23. Nc4 $14) 23... Bg5 24. Reb1 (24. b6 a6 25. Bxa6 bxa6 26. c4 Rd4
27. Rxe5 Qd6 28. Rae1 $11 {Sf16}) 24... f5 $17 (24... Kb8 $17) 25. Ra2 (25. Rd1
) 25... Nd3 (25... h5 $19) 26. f4 gxf3 27. Bxf3 (27. gxf3) 27... Rd6 $19 28. a6
b6 29. Bc6 Qc7 30. Qa4 Ne5 (30... Qg7) 31. Bb7+ Kb8 32. Re2 Rd3 (32... Bf6 $19)
(32... Rdd8 $19) 33. Rbe1 (33. Rbe1 Bf6 $17) 1/2-1/2

[Event "Shropshire Major"]
[Site "Telford"]
[Date "2024.01.14"]
[Round "5.1"]
[White "Rastall, Joe"]
[Black "Lake, Andrew"]
[Result "1/2-1/2"]
[WhiteElo "1868"]
[BlackElo "1778"]
[Annotator "Van Kemenade, Rudy"]
[PlyCount "35"]
[EventDate "2024.01.12"]
[EventType "swiss"]
[EventRounds "5"]
[EventCountry "ENG"]
[SourceTitle "BritBase"]
[Source "John Saunders"]
[SourceDate "2024.04.05"]
[SourceVersion "1"]
[SourceVersionDate "2024.04.05"]
[SourceQuality "1"]

1. e4 d6 2. d4 Nf6 3. Nc3 c6 4. f4 Qa5 5. Bd3 e5 6. Nf3 exd4 (6... Bg4) 7. Nxd4
Bg4 (7... g6 {main}) 8. Nf3 {5-4-3} (8. Qd2 {6-1-3}) (8. Be2 Bxe2 9. Qxe2 Nbd7
{3 Wh wins and a draw}) 8... Nbd7 9. h3 Bxf3 10. Qxf3 Nc5 11. O-O Nxd3 12. Qxd3
$14 (12. cxd3 $16 Be7 13. Be3 O-O {2 draws}) 12... O-O-O 13. Rb1 d5 14. e5 Bc5+
15. Kh2 Ne4 (15... Nd7 16. Bd2 $16 {SF16}) 16. Nxe4 (16. b4 $1 Bxb4 17. Nxe4
dxe4 18. Qxe4 Bc5 19. Qf5+ Kb8 20. Qxf7 Qc7 21. Qxc7+ Kxc7 22. f5 $18 {SF16})
16... dxe4 17. Qxe4 Qxa2 18. Be3 (18. Be3 Bxe3 19. Qxe3 a6 20. Qe2 $14 (20. f5
$14 {SF16 White wins the Major on 4.5})) 1/2-1/2

[Event "Shropshire Major"]
[Site "Telford"]
[Date "2024.01.14"]
[Round "5.2"]
[White "Stephenson, David William"]
[Black "Neal, Toby"]
[Result "0-1"]
[WhiteElo "1837"]
[BlackElo "1784"]
[Annotator "Van Kemenade, Rudy"]
[PlyCount "146"]
[EventDate "2024.01.12"]
[EventType "swiss"]
[EventRounds "5"]
[EventCountry "ENG"]
[SourceTitle "BritBase"]
[Source "John Saunders"]
[SourceDate "2024.04.05"]
[SourceVersion "1"]
[SourceVersionDate "2024.04.05"]
[SourceQuality "1"]

1. d4 Nf6 2. Nc3 g6 3. e4 d6 4. Bc4 (4. f4) (4. Nf3) (4. Be3 {main lines}) 4...
Bg7 5. Qe2 O-O (5... Nc6 6. e5 Nxd4 7. exf6 Nxe2 8. fxg7 Rg8 9. Ngxe2 Rxg7 {
is a complex line, theorised to a great depth, 68% for Wh}) 6. e5 Nfd7 {
62% for Wh} (6... dxe5 7. dxe5 {77% for Wh}) (6... Ne8 {73% for Wh}) 7. f4 (7.
e6 fxe6 8. Bxe6+ Kh8 9. Nf3 {63% for Wh}) 7... Nb6 8. Bb3 Nc6 9. Be3 (9. Nf3 {
1.5-0.5}) 9... Na5 10. O-O-O {going short looks preferable as Bl can open up
lines on the Q side quite speedily} (10. Nf3 Nxb3 11. axb3 {transposes to 21
games, 50%}) 10... d5 {though this is a little slow} (10... Nxb3+ 11. axb3 c6
12. Nf3 Nd5 $17 {SF16}) 11. g4 $16 Nac4 12. Bf2 f6 13. Bg3 c6 14. h4 (14. Nh3
Bh6 15. Kb1 $16) 14... Qd7 $11 15. g5 (15. Bxc4 Nxc4 16. b3 fxe5 17. dxe5 Nb6
18. f5 gxf5 19. h5 f4 20. Bf2 f3 21. Qe3 Qe6 22. Nxf3 Qf7 23. h6 Qxf3 24. hxg7
Qxe3+ 25. Bxe3 Rf3 26. Bh6 Bxg4 27. Rh4 Bf5 $11 {SF16- both sides have chances}
) 15... Qg4 (15... fxe5 16. fxe5 Qg4 $17) 16. Qe1 h5 17. Bxc4 Nxc4 18. b3 Nb6 (
18... Na3 19. Nge2 b5 $17 {SF16}) 19. Qe3 a5 20. a4 Qe6 21. Nh3 f5 (21... Qf7
22. Ne2 Bf5 $17 {SF16}) 22. Nf2 Nd7 23. Nd3 b6 24. Kd2 Ba6 25. Rb1 Rfc8 26.
Rhc1 c5 (26... Nf8 27. Bf2 Qd7 28. Ne2 Ne6 29. Ke1 c5 $17 {SF16}) 27. Qf3 Bb7 (
27... cxd4 28. Ne2 Nc5 29. Nxd4 Qd7 30. Ke1 Ne4 $17 {Sf16}) 28. Bf2 Rab8 29.
Nb5 $11 c4 30. Ne1 (30. Nb2 $14) 30... Ra8 31. b4 Qc6 32. Qc3 Bf8 33. bxa5 Rxa5
34. Ra1 e6 (34... Rca8 35. e6 Nb8 36. Nf3 Rxa4 37. Rxa4 Rxa4 38. Rb1 Qxe6 39.
Ne5 Na6 $15 {SF16}) 35. Ke2 Ba6 $6 (35... Rca8 36. Nd6 Bxd6 37. exd6 Qxd6 38.
Be3 Bc6 39. Nf3 Bxa4 40. Kf2 R5a7 41. Bd2 Nb8 42. Ne5 Nc6 43. Nxc6 Qxc6 44. Ra2
$11 {SF16- both sides have bad Bs}) 36. Na7 Qb7 37. Nxc8 Qxc8 38. Rcb1 $18 Qc6
39. Kf3 (39. Nf3) 39... Rxa4 40. Rxa4 Qxa4 41. Ra1 Qb5 42. Ng2 (42. Ra2 Bb4 43.
Qa1 Nb8 44. c3 Ba5 45. Be3 Kf7 46. Kf2 Bb7 47. Bc1 $16 {SF16}) 42... Bb7 43.
Ne3 (43. Ra7 Qc6 44. Be1 Nc5 45. Qb2 Na4 46. Qa2 b5 47. Ba5 Qc8 $11 {SF16- the
position is blocked}) 43... Qc6 44. Nd1 b5 45. Qa5 b4 46. c3 b3 47. Nb2 (47.
Be3 Nb6 48. Bc1 Be7 49. Ba3 Bd8 50. Qb4 Nd7 51. Qd6 Qxd6 52. exd6 $18 Nb8 53.
Ke2 Kf7 54. Bb4 Nc6 55. Nb2 Bc8 56. Na4 Ke8 57. Nc5 Bb6 58. Ra8 Kf7 (58... b2
59. d7+ Kf7 60. dxc8=Q Bd8 61. Qd7+ Ne7 62. Rxd8 b1=Q 63. Qxe6+ Kg7 64. Qxe7#)
59. Kd2 $18 {SF16- Engines have near infinite patience}) 47... Nc5 $11 48. Qd8
Ne4 (48... Bc8 $11) 49. Be1 (49. Ra7 $18 {SF16} Nxc3 50. Qb8 Ba6 51. Ra8 Bc8
52. Qxc8 Qxc8 53. Rxc8 Kf7 54. Be1 Nb5 55. Ke3 Ba3 56. Rb8 Bxb2 57. Rxb5 c3 58.
Bxc3 Bxc3 59. Rxb3 $18 Be1 60. Ke2 Bxh4 61. Rh3 $18) 49... Kf7 $11 50. Ra7 Bc5
$11 51. dxc5 d4 52. Ke2 (52. Rxb7+ Qxb7 53. Qxd4 Nxg5+ 54. Kf2 Qf3+ 55. Kg1
Qg4+ {perpetual-SF16}) 52... dxc3 (52... Nxc3+ 53. Bxc3 Qe4+ (53... dxc3 54.
Rxb7+ Qxb7 55. Qf6+ $18) 54. Kd2 Qxf4+ {perpetual-SF16}) 53. Nxc4 (53. Qh8 Ng3+
$11) 53... Ng3+ (53... b2 $19 {SF16}) 54. Bxg3 (54. Kd3 $1 $18 {SF16} Qf3+ 55.
Ne3 b2 (55... Qc6 56. Bxg3 c2 57. Qf6+ $18) 56. Qc7+ Ke8 57. Qb8+ Ke7 58. Rxb7+
{Sf16}) 54... Qf3+ 55. Ke1 Qxg3+ 56. Ke2 Qf3+ 57. Ke1 Qe4+ 58. Kf2 Qxf4+ 59.
Ke2 (59. Ke1 Qe4+ 60. Kf2 (60. Kd1 c2+ 61. Kc1 Qe1+ 62. Kb2 c1=Q+ 63. Kxb3
Qcc3+ 64. Ka2 Qea1#) 60... Qg2+ 61. Ke1 $11 {SF16}) 59... Qxc4+ 60. Qd3 Qg4+
61. Kf2 (61. Kf1 Qg2+ 62. Ke1 Qh1+ 63. Ke2 {Wh is better playing safe by
repeating moves}) 61... Qxh4+ 62. Qg3 $2 (62. Kf1) 62... Qxg3+ 63. Kxg3 c2 $19
64. Rxb7+ Ke8 65. Rxb3 c1=Q 66. Rb8+ Kd7 67. Rb7+ Kc8 68. Rg7 Qxg5+ (68... f4+
69. Kg2 Qd2+ 70. Kf3 Qe3+ 71. Kg2 Qe2+ 72. Kg1 f3) 69. Kf3 Qg4+ (69... f4) 70.
Ke3 f4+ 71. Kf2 Qg3+ 72. Ke2 f3+ 73. Ke3 Qxe5+ (73... f2+ 74. Ke2 Qg2 {mating
soon-SF16 A very tough struggle that could several times have gone either way 
(or down the middle)}) 0-1

[Event "Shropshire Intermediate"]
[Site "Telford"]
[Date "2024.01.12"]
[Round "1.1"]
[White "Pandya, Dhairya"]
[Black "Flavell, Archie"]
[Result "1-0"]
[WhiteElo "1697"]
[BlackElo "1565"]
[Annotator "Van Kemenade, Rudy"]
[PlyCount "64"]
[EventDate "2024.01.12"]
[EventType "swiss"]
[EventRounds "5"]
[EventCountry "ENG"]
[SourceTitle "BritBase"]
[Source "John Saunders"]
[SourceDate "2024.04.05"]
[SourceVersion "1"]
[SourceVersionDate "2024.04.05"]
[SourceQuality "1"]

1. e4 c5 2. c3 Nf6 3. d3 (3. e5 {main}) 3... e6 (3... Nc6 {main, most flexible}
) 4. Be3 $146 (4. Nf3) (4. f4) 4... d5 $15 5. e5 Nfd7 (5... d4 6. exf6 (6. Bc1
Nfd7 7. f4 Nc6 $15) 6... dxe3 7. fxe3 Qxf6 $15 {SF16}) 6. f4 (6. d4 $14) 6...
Nc6 7. Nf3 Be7 8. Be2 O-O 9. O-O f6 (9... d4 10. Bf2 $11) 10. exf6 (10. d4 $14)
10... Bxf6 (10... Nxf6) 11. Qc2 b6 (11... d4) 12. Nbd2 Bb7 13. Nb3 Rc8 14. d4
$14 cxd4 15. Nbxd4 Nxd4 16. Nxd4 (16. Bxd4) 16... Qe7 17. Bg4 Bxd4 18. Bxd4 Nf6
19. Bh3 $16 (19. Qe2 $16) 19... Ba6 20. Rfe1 Ne4 21. Qa4 Bb7 22. Qxa7 (22. Be5
$16) 22... Rxf4 (22... Rc6 23. Qa4 Rxf4 $11 {SF16}) 23. Bxe6+ (23. Rf1 $18
Rxf1+ 24. Rxf1 Ng5 25. Bg4 Qc7 26. Qxb6 Qxb6 27. Bxb6 Re8 28. Re1 $18 {SF16})
23... Qxe6 24. Qxb7 Rg4 25. Re2 $18 h5 26. Qxb6 Rc6 27. Qb8+ Kh7 28. Qe5 Qg6
29. Rf1 (29. Qxd5) 29... Rg5 30. Qf4 h4 31. Qxh4+ Rh5 32. Qf4 Rf5 $2 1-0

[Event "Shropshire Intermediate"]
[Site "Telford"]
[Date "2024.01.12"]
[Round "1.2"]
[White "Gilbert, David"]
[Black "Gillett, John"]
[Result "0-1"]
[WhiteElo "1556"]
[BlackElo "1697"]
[Annotator "Van Kemenade, Rudy"]
[PlyCount "106"]
[EventDate "2024.01.12"]
[EventType "swiss"]
[EventRounds "5"]
[EventCountry "ENG"]
[SourceTitle "BritBase"]
[Source "John Saunders"]
[SourceDate "2024.04.05"]
[SourceVersion "1"]
[SourceVersionDate "2024.04.05"]
[SourceQuality "1"]

1. c4 e5 2. g3 Nf6 3. Bg2 d5 4. cxd5 Nxd5 5. Nc3 Be6 (5... Nb6 {main}) 6. Nf3
Nc6 7. O-O Be7 8. d3 {50% for Wh} (8. d4 {69% for Wh}) 8... O-O 9. Nxd5 (9. Bd2
Qd7 (9... Nb6)) (9. a3) 9... Bxd5 10. a3 (10. Be3 f5 11. Rc1 {3-2-3}) 10... a5
(10... f5 {2-3-8}) 11. Be3 a4 $11 {1 draw, 4 Bl wins} 12. Rc1 f6 13. Bc5 Ra5 (
13... Kh8 14. Bxe7 Qxe7 15. Qc2 Rfd8 16. Rfe1 Rd7 17. Nd2 {Cui-Sade, World
Olympiad U16, 2018,1/2-1/2}) 14. Bxe7 Qxe7 15. Nd2 Bxg2 16. Kxg2 Nd4 17. e3 {
but Wh's pieces get quite active} (17. b4 axb3 18. Nxb3 Rxa3 19. Nxd4 exd4 20.
Qc2 Rc3 21. Qb2 c6 22. Rxc3 dxc3 23. Qb3+ Kh8 24. Rc1 Qxe2 25. Qxb7 Qb2 26. Qe7
Ra8 27. Qe1 $11 {SF16}) 17... Nf5 (17... Ne6) 18. Nc4 Ra6 19. Qf3 $16 Nd6 20.
Nxd6 cxd6 21. Qd5+ (21. Rc2) 21... Kh8 22. Rc2 (22. Rc4) 22... Rc6 23. Rxc6
bxc6 24. Qxc6 $18 Rb8 25. Rc1 Kg8 26. Qxa4 Rxb2 27. Qa8+ (27. Rc8+ Kf7 28. Qc4+
Kg6 29. Qg4+ (29. Rc7 Qf8 30. Qg4+ Kh6 31. e4 $18) 29... Kf7 30. Qh5+ Ke6 31.
Re8 $18 {SF16}) 27... Kf7 28. Qd5+ Kg6 29. Rc6 (29. Qe4+ Kh6 30. Qh4+ Kg6 31.
Qg4+ Kh6 (31... Kf7 32. Qh5+) 32. Rc8 $18 {SF16- Engines are good at these
long lines of calculation, humans much less so.}) 29... Qa7 30. Qe4+ Kh6 31.
Rxd6 Qb7 (31... Qxa3 32. Qxe5 $18) 32. Qxb7 (32. Rc6 Rb5 (32... Rb6 33. Rxb6
Qxb6 34. a4 $18) 33. h4 $18) 32... Rxb7 33. d4 exd4 34. Rxd4 Ra7 35. a4 Kg6 36.
e4 (36. Kf3 {activating the K is usually best in an ending rather than
unforced pawn moves}) 36... Kf7 37. f4 Ke6 38. Kf3 h5 39. h4 Ra5 40. f5+ {
this the tactical Engine move, which should work, but requires some
exactfollowup ( eg the e awn is now not so easy to advance , and the a pawn is
still not moving either.} (40. Ke3 {bringing the K across to support the a
pawn is a more systematic approach. The Bl K is cut off, more pawns are kept
on and Bl has no entry for his R.}) 40... Ke7 41. g4 (41. Ke3 $1 {SF16}) 41...
hxg4+ 42. Kxg4 Ra8 43. h5 (43. Kh5 Rh8+ 44. Kg6 Rxh4 45. Kxg7 Rg4+ 46. Kh6 Rg1
47. Rb4 Rh1+ 48. Kg6 Rg1+ 49. Kh5 Rh1+ 50. Kg4 Rg1+ 51. Kf3 Rf1+ 52. Ke3 {
after taking the g7 pawn, the K has to scramble his way back to the centre
after all} Ra1 53. Rb7+ Kf8 54. Ra7 Ra3+ 55. Kd4 Ra2 56. Kd5 Kg8 57. Ke6 Re2
58. Kxf6 Rxe4 59. a5 Ra4 60. a6 Ra1 61. Ra8+ Kh7 62. Ke7 Re1+ 63. Kf7 Re2 64.
Re8 Ra2 65. Re6 Ra5 66. f6 Rc5 67. a7 Rc7+ 68. Re7 Rc8 69. Re8 Rc7+ 70. Ke6
Rc6+ 71. Kd7 Ra6 72. a8=Q) 43... Ra5 44. h6 gxh6 45. Kh5 Ra8 46. Rb4 Kd6 47.
Kxh6 Kc5 48. Rb5+ (48. Rb7 Rxa4 49. Re7 Ra8 50. Kg6 {and Wh will get two
connected passed pawns}) 48... Kd4 49. a5 (49. Kg6 Kxe4 50. a5 Ra6 51. Rb6 Rxa5
52. Rxf6 {in order to save K & R vs K, R & p endings, the defending K needs to
be in front of the pwn, not cut off behind or to one side.}) 49... Kxe4 50. Kg6
Ra6 51. Rb6 Rxa5 52. Rxf6 Ra7 53. Rf7 (53. Re6+ Kd5 54. Re1 {is a simple win,
but Wh has spent too much time sacrificing pawns to break in withthe K on the
K side}) 53... Rxf7 {time} 0-1

[Event "Shropshire Intermediate"]
[Site "Telford"]
[Date "2024.01.13"]
[Round "2.1"]
[White "Rodger, Andrew"]
[Black "Pandya, Dhairya"]
[Result "0-1"]
[WhiteElo "1601"]
[BlackElo "1697"]
[Annotator "Van Kemenade, Rudy"]
[PlyCount "76"]
[EventDate "2024.01.12"]
[EventType "swiss"]
[EventRounds "5"]
[EventCountry "ENG"]
[SourceTitle "BritBase"]
[Source "John Saunders"]
[SourceDate "2024.04.05"]
[SourceVersion "1"]
[SourceVersionDate "2024.04.05"]
[SourceQuality "1"]

1. e4 e5 2. d3 d6 (2... Nf6 {main}) 3. f4 (3. Nf3) (3. g3) 3... g6 (3... Nc6) (
3... Nf6) 4. Nf3 Bg7 5. c3 (5. Nc3) 5... Nc6 6. Be2 d5 (6... Nge7 7. O-O O-O {
56% for Wh}) 7. exd5 (7. O-O Nge7 8. Qe1 Be6 9. Qg3 f5 10. fxe5 dxe4 11. dxe4
fxe4 12. Rd1 Qc8 13. Nd4 Bxe5 {Frith-Armstrong, 4NCL 2013,0-1}) 7... Qxd5 8.
O-O $16 Nge7 9. fxe5 Nxe5 10. d4 N5c6 11. Na3 (11. Nbd2 O-O 12. Bc4 Qd7 13. Ne4
$16 {SF16}) 11... Bf5 12. Nh4 (12. Nb5 $1 Rc8 13. c4 Qd7 14. d5 Nb4 15. Bf4 O-O
16. Qd2 a5 17. Rad1 $18 {SF16- the Bl pieces scarcely have any activity, while
controls a great deal of space}) 12... Be6 $14 13. Be3 O-O 14. Bf2 Qd7 15. Nf3
Rad8 16. Bg3 Nf5 17. Bf2 a6 $11 18. Nc2 Rfe8 19. Bd3 Nce7 20. Re1 (20. Ng5 Bd5
21. Nb4 c6 22. Nxd5 Nxd5 23. Qf3 $11 {SF16}) 20... c5 21. Bxf5 Bxf5 (21... Nxf5
) 22. Ne5 Qc7 23. Bg3 {Wh has failed to capitalise on his advantage by
launching a direct attack on the K} Qb6 (23... Bxc2 24. Qxc2 Nf5 25. Qf2 cxd4
$19 {SF16}) 24. Nc4 Qc6 25. Ne5 Bxe5 (25... Qb5 26. b4 Bxc2 27. Qxc2 cxd4 $19 {
SF16}) 26. Rxe5 Bxc2 27. Qxc2 cxd4 $17 28. Qb3 Nf5 $19 (28... d3 $19) 29. Rxe8+
Rxe8 30. cxd4 Nxd4 31. Qd3 Ne2+ 32. Kf1 Nxg3+ 33. Qxg3 (33. hxg3) 33... Qb5+ {
Wh's K is exposed, as the Wh pieces fail to cooperate} 34. Kg1 Qxb2 35. Rf1
Qxa2 36. Qc7 Qd5 37. Rb1 b5 (37... a5 {also}) 38. h4 Qd4+ 0-1

[Event "Shropshire Intermediate"]
[Site "Telford"]
[Date "2024.01.13"]
[Round "2.2"]
[White "Neil, Graham"]
[Black "Thimmegowda, Krishnaswaroop"]
[Result "0-1"]
[WhiteElo "1595"]
[BlackElo "1669"]
[Annotator "Van Kemenade, Rudy"]
[PlyCount "100"]
[EventDate "2024.01.12"]
[EventType "swiss"]
[EventRounds "5"]
[EventCountry "ENG"]
[SourceTitle "BritBase"]
[Source "John Saunders"]
[SourceDate "2024.04.05"]
[SourceVersion "1"]
[SourceVersionDate "2024.04.05"]
[SourceQuality "1"]

1. d4 d5 2. Nf3 Nf6 3. c3 Nc6 (3... e6) 4. Bf4 Bf5 5. Nbd2 e6 6. h3 Bd6 7. Ne5
Ne4 $146 (7... Bxe5 8. dxe5 Nd7 9. Nf3 Be4 $17 {SF16; 1-2-2}) 8. Nxc6 bxc6 9.
Bxd6 Qxd6 (9... cxd6 $15 {SF16-is a useful pawn mass in the centre, whick
keeps Wh's pieces away from squares they might otherwise occupy}) 10. e3 $11
Rb8 11. Qc1 h5 {Bl is far better developed, but the position is still closed}
12. Be2 h4 (12... g5 {interesting idea from SF16}) 13. Bf3 Ng5 14. Bd1 Ne4 15.
Bf3 Nxd2 16. Qxd2 Rh6 17. Rc1 e5 (17... Rg6 $11) 18. dxe5 Qxe5 19. b3 (19. O-O
$14) 19... Rd6 20. Qd4 Qxd4 21. cxd4 a5 $11 {though Wh can try to make
something of his pressure on the c file} 22. O-O g5 23. Kh2 (23. Rc5 Ra8 24.
Rfc1 Kd7 25. Be2 $14 {SF16}) 23... a4 24. Bd1 (24. bxa4 Rb4 25. a3 (25. Bd1 Rb2
26. Bb3 Bd3 27. Rfd1 Be4 28. Rf1 (28. Kg1 g4 29. a5 Rg6 $19 {SF16}) 28... Bd3
$11) 25... Rxa4 26. Rc3 Rc4 27. Rfc1 Bd3 28. a4 Kd7 29. a5 Rh6 30. Rxc4 dxc4 (
30... Bxc4 31. Bg4+ $16) 31. a6 Rh8 32. Ra1 Ra8 $11 {SF16}) 24... Bd3 25. Re1
axb3 26. Bxb3 Rf6 (26... Kd7) 27. Red1 Be2 28. Rd2 Bh5 29. Bd1 Bg6 30. Ba4 Kd7
31. Rc5 Rd6 32. Bd1 Ra8 (32... Rb1 $11 {SF16}) 33. a4 $16 f5 34. Ra2 (34. a5)
34... f4 35. Bg4+ Ke7 36. a5 fxe3 37. fxe3 $16 Bd3 38. Rf2 (38. Ra3 Be4 39. a6
Rf6 40. Ra2 Ra7 41. Bc8 Bd3 42. e4 Bb1 43. Rd2 Bxe4 44. Bb7 Kd8 $14 {SF16- Bl
has a R stuck on a7. However as soon as the wh Rs try to get into the game via
the other side, then a Bd3 will release that a7 R}) 38... Ra6 39. Bh5 (39. Bc8
Ra7 40. a6 Rg6 41. Ra5 Rg7 42. Bb7 $18 {here Wh already has a R on the f file,
poised to enter} Rf7 43. Rxf7+ Kxf7 44. Kg1 Ke7 45. Kf2 Bb5 46. Kf3 Kf6 47. Ra3
Bc4 48. Ra5 Bb5 49. e4 dxe4+ 50. Kxe4 Ke6 51. Kf3 Kf6 {the Engine insists that
Wh is winning, but keeps on probing. Lets try nudging the Engine} 52. Ra2 Ke6 (
52... Kf5 53. Bc8+ Kf6 54. Kg4 c5 55. dxc5 Bc4 56. Rf2+ Kg6 57. Bb7 Bd3 58. Rd2
Bxa6 59. Ra2 Rxb7 60. Rxa6+ Kf7 61. Kxg5 {and with a far more active R & K Wh
is clearly winning}) 53. Kg4 Kd5 54. Kxg5 Kxd4 55. Kxh4 c5 56. g4 Bd3 57. g5 c4
58. Rg2 Bg6 59. Rg4+ Kc5 60. Rg1 c3 61. Kg4 Kd6 62. h4 c2 63. h5 Bd3 64. g6
Be2+ 65. Bf3 Bxa6 66. Rc1 Bd3 67. g7 $18 {SF16 nudged}) 39... Rf6 40. Bf3 Bb5
41. Ra2 Bc4 42. Kg1 {time ?} (42. Ra3 Kd6 43. Bg4 Rf2 44. Bc8 Ra8 45. Bb7 Rb8
46. a6 Bxa6 47. Bxa6 Rbb2 48. Rac3 Rxg2+ 49. Kh1 Rh2+ 50. Kg1 Rbg2+ 51. Kf1 Ke7
52. Rxc6 Kd8 53. Ke1 Rxh3 54. Bf1 Rh1 55. R3c5 Rgg1 56. Rxd5+ Kc8 57. Rf6 g4
$14 {and SF16 here finds only a small advantage for Wh}) 42... Bxa2 $19 43. Be2
Bc4 44. Bf3 Rf8 45. e4 dxe4 46. Bxe4 Rf1+ (46... Bd5) 47. Kh2 Bb5 48. d5 Kd6
49. Rxc6+ Bxc6 50. Bd3 Rxa5 0-1

[Event "Shropshire Intermediate"]
[Site "Telford"]
[Date "2024.01.13"]
[Round "3.1"]
[White "Pandya, Dhairya"]
[Black "Weller, Colin"]
[Result "1-0"]
[WhiteElo "1697"]
[BlackElo "1602"]
[Annotator "Van Kemenade, Rudy"]
[PlyCount "99"]
[EventDate "2024.01.12"]
[EventType "swiss"]
[EventRounds "5"]
[EventCountry "ENG"]
[SourceTitle "BritBase"]
[Source "John Saunders"]
[SourceDate "2024.04.05"]
[SourceVersion "1"]
[SourceVersionDate "2024.04.05"]
[SourceQuality "1"]

1. e4 d6 2. d4 Nf6 3. Bd3 Nbd7 4. f4 e5 5. Nf3 (5. c3 {main}) 5... exd4 6. Nxd4
Nc5 7. Nc3 Nxd3+ (7... Bg4) (7... Be7 {main lines}) (7... g6 $5) 8. Qxd3 {
2 draws, 2 Bl wins} (8. cxd3 {6-0-2}) 8... Be7 9. O-O O-O 10. Bd2 c5 (10... c6
11. Rae1 Qc7 12. Kh1 a6 13. Nf3 Bg4 14. h3 Bxf3 15. Qxf3 Qb6 16. e5 dxe5 {
draw agreed, Kuehnling-Rosmann, Mittelfranken ch Ansbach 2000}) 11. Nf3 (11.
Nde2 h6 12. Qg3 Nh7 13. f5 Bh4 14. Qg4 Bg5 15. Nf4 Nf6 16. Qg3 Re8 17. Rae1 {
Ulunque Villazo-Niering, Steinfurt Bezirksklasse 2010,1-0}) 11... Bg4 (11...
Re8 $11) 12. h3 Bxf3 13. Qxf3 $16 Qd7 14. Rad1 Qc6 15. Nd5 {takes the tension
out of the position} (15. Be1 h6 16. g4 $16 {SF16}) 15... Nxd5 16. exd5 Qd7 $11
17. c4 Bf6 18. Bc3 Bxc3 19. Qxc3 Rfe8 20. Rf3 (20. f5) 20... f5 (20... Qf5 $15)
21. Re1 Rxe1+ 22. Qxe1 Re8 23. Re3 Rxe3 24. Qxe3 Kf7 $11 25. a3 b6 26. Kf2 h6
27. b4 cxb4 28. axb4 Qe7 29. Qc3 Qh4+ (29... Qe4) 30. Kf3 Qe7 31. Qd4 Qf6 32.
Qe3 Qe7 33. Qd3 g6 34. g3 Qe1 35. Qe2 Qc3+ (35... Qxe2+) (35... Qh1+) 36. Qe3
Qf6 37. c5 bxc5 38. bxc5 dxc5 39. Qxc5 Qb6 40. Qc4 Ke7 41. g4 fxg4+ 42. hxg4
Kd6 $11 43. f5 gxf5 44. gxf5 Qb7 (44... Ke7 45. Qd3 a5 $11) 45. Qf4+ (45. f6
Qf7 46. Qb4+ Kc7 47. Qc5+ Kd8 48. Qd6+ Kc8 49. Qe6+ $18 {SF16}) 45... Kc5 (
45... Kd7 $11) 46. Qe3+ Kc4 47. Qe4+ (47. f6 $18) 47... Kc5 48. f6 $18 Qf7 49.
Qe7+ Qxe7 50. fxe7 1-0